Sports Quiz

Random Sports or Soccer Quiz
Score 0/31 Timer 10:00
0 Plays Today
Number Answer % Correct
1 GKDavid De Gea
97.8%
10 FWMarcus Rashford
93.9%
9 FWAnthony Martial
91.9%
22 GKSerigo Romero
91.8%
5 DFHarry Maguire
91.2%
6 MFPaul Pogba
91.2%
2 DFVictor Lindelof
91%
23 DFLuke Shaw
90.7%
4 DFPhil Jones
88.6%
8 MFJuan Mata
87.4%
14 MFJesse Lingard
86.4%
29 DFAaron Wan-Bissaka
84.7%
26 FWMason Greenwood
83.1%
31 MFNemanja Matic
82.8%
3 DFEric Bailly
81%
17 MFFred
80.8%
Number Answer % Correct
39 MFScott McTominay
80.2%
21 MFDaniel James
79.5%
18 DFAshley Young
78.4%
7 FW (On Loan)Alexis Sanchez
77.2%
12 DF (On Loan)Chris Smalling
77.1%
15 MFAndreas Pereira
76.5%
13 GKLee Grant
75.3%
40 GKJoel Pereira
75.3%
16 DFMarcos Rojo
69.9%
44 FWTahith Chong
68.9%
20 DFDiogo Dalot
68.1%
38 DFAxel Tuanzebe
60.2%
28 MFAngel Gomes
57.5%
37 MFJames Garner
48.1%
24 DFTim Fosu-Mensah
47.5%
Remove Ads.
Support Sporcle.
Get the best of Sporcle when you Go Orange. This ad-free experience offers more features, more stats, and more fun while also helping to support Sporcle. Thank you for becoming a member.

You're not logged in!

Compare scores with friends on all Sporcle quizzes.
OR
Log In

Show Comments

Extras

Top Quizzes Today


Score Distribution

Your Account Isn't Verified!

In order to create a playlist on Sporcle, you need to verify the email address you used during registration. Go to your Sporcle Settings to finish the process.

Report this User

Report this user for behavior that violates our Community Guidelines.

Details: